Rafael Lucas Rodríguez Caballero. In memoriam... miras para comprender /

Furkejuvvon:
Bibliográfalaš dieđut
Váldodahkki: Gamboa Umaña, Luis Enrique
Materiálatiipa: Dovdameahttun
Giella:Spanish
Fáttát:
Fáddágilkorat: Lasit fáddágilkoriid
Eai fáddágilkorat, Lasit vuosttaš fáddágilkora!

MARC

LEADER 000000000a22000000004500
001 008015
041 0 |a spa 
100 1 |a Gamboa Umaña, Luis Enrique 
245 1 0 |a Rafael Lucas Rodríguez Caballero. In memoriam... miras para comprender /   |c Luis Enrique Gamboa Umaña. 
310 |a semestral 
650 4 |a RODRIGUEZ CABALLERO, RAFAEL LUCAS, 1915-1981 
650 4 |a REFORMA UNIVERSITARIA 
773 0 |d San José, Costa Rica : Editorial de la Universidad de Costa Rica  |t Herencia  |g volumen 10-11, número 2-1 (1998-1999), páginas 15-34 
942 |c ARC 
999 |c 14793  |d 14793